[Event "Sparkassen-Open B"]
[Site "Heusenstamm, Martinsee"]
[Date "2016.11.27"]
[Round "6.13"]
[White "Haack, Kevin"]
[Black "Hübner, Kai"]
[Result "1/2-1/2"]
[WhiteElo "1644"]
[BlackElo "1734"]
[PlyCount "153"]
[EventDate "2016.??.??"]
[WhiteTeam "SC Sulzbach"]
[BlackTeam "SC Flörsheim"]

1. e4 d5 2. exd5 Nf6 3. d4 Nxd5 4. c4 Nb4 5. Nf3 Bf5 6. Na3 e6 7. Be2 c5 8. O-O
N8c6 9. Be3 cxd4 10. Nxd4 Nxd4 11. Bxd4 Nc6 12. Bc3 Bxa3 13. bxa3 O-O 14. Qb3
Qc7 15. Qb2 f6 16. Rad1 Rad8 17. Rfe1 e5 18. Bf3 Be6 19. Qb5 Rxd1 20. Rxd1 Nd8
21. Be2 a6 22. Qa5 Qxa5 23. Bxa5 Nc6 24. Bb4 Rc8 25. Rc1 Nd4 26. Bd3 e4 27. Bf1
Bg4 28. Kh1 Bh5 29. a4 f5 30. Bd2 h6 31. h4 Rd8 32. Be3 Kf7 33. Rb1 Nc2 34.
Rxb7+ Kg8 35. Rb1 Nxe3 36. fxe3 Rd1 37. Rxd1 Bxd1 38. a5 Bc2 39. Kg1 Kf8 40. c5
Bd3 41. Kf2 Bxf1 42. Kxf1 Ke7 43. Ke2 Kd7 44. Kd2 Kc6 45. Kc3 Kxc5 46. g3 g5
47. hxg5 hxg5 48. a3 Kd5 49. a4 Kc5 50. Kb3 Kd5 51. Kc3 Ke5 52. Kd2 f4 53.
gxf4+ gxf4 54. exf4+ Kxf4 55. Ke2 Ke5 56. Ke3 Kd5 57. Kd2 Kd4 58. Ke2 e3 59.
Ke1 Kc3 60. Ke2 Kd4 61. Ke1 Ke5 62. Ke2 Ke4 63. Ke1 Kd3 64. Kd1 e2+ 65. Ke1 Kc3
66. Kxe2 Kb4 67. Kd2 Kxa4 68. Kc2 Kxa5 69. Kb3 Kb5 70. Ka3 a5 71. Kb3 a4+ 72.
Ka3 Ka5 73. Kb2 Kb4 74. Ka2 a3 75. Kb1 Ka4 76. Ka2 Kb4 77. Kb1 1/2-1/2

[Event "Sparkassen-Open B"]
[Site "Heusenstamm, Martinsee"]
[Date "2016.11.27"]
[Round "6.14"]
[White "Krastev, Ivan"]
[Black "Kremenetskiy, Igor"]
[Result "1-0"]
[WhiteElo "1732"]
[BlackElo "1633"]
[PlyCount "67"]
[EventDate "2016.??.??"]
[WhiteTeam "Biebertaler SF"]
[BlackTeam "SF Heusenstamm"]

1. e4 e5 2. Nf3 d6 3. d4 exd4 4. Nxd4 Be7 5. Nc3 Nf6 6. Bc4 Bd7 7. Be3 Nc6 8.
h3 O-O 9. Qd2 a6 10. f4 b5 11. Bd3 Nxd4 12. Bxd4 c5 13. Bf2 c4 14. Be2 b4 15.
Nd5 Nxe4 16. Qe3 Nxf2 17. Nxe7+ Kh8 18. Kxf2 Re8 19. Bxc4 Rxe7 20. Qd2 Qb6+ 21.
Kg3 Rd8 22. Rae1 Rde8 23. Rxe7 Rxe7 24. Re1 Rxe1 25. Qxe1 g5 26. fxg5 d5 27.
Qe5+ Kg8 28. Bxd5 Qb5 29. Qe4 Qb8+ 30. Kh4 a5 31. Bc4 Qd8 32. Bd3 f5 33. Qd5+
Kg7 34. Bxf5 1-0

[Event "Sparkassen-Open B"]
[Site "Heusenstamm, Martinsee"]
[Date "2016.11.27"]
[Round "6.15"]
[White "Held, Maurice"]
[Black "Plötz, Hans-Jürgen"]
[Result "1/2-1/2"]
[WhiteElo "1707"]
[BlackElo "1625"]
[PlyCount "66"]
[EventDate "2016.??.??"]
[WhiteTeam "SC Ladja Roßdorf"]
[BlackTeam "SC Bad Nauheim"]

1. c4 d6 2. g3 c6 3. Bg2 Nf6 4. Nc3 e5 5. e4 Be7 6. Nge2 Be6 7. d3 O-O 8. O-O
Qd7 9. b4 Bh3 10. Bg5 h6 11. Bxf6 Bxg2 12. Kxg2 Bxf6 13. a4 Na6 14. Rb1 Nc7 15.
Qb3 Rad8 16. b5 Ne6 17. bxc6 bxc6 18. Qb7 Nc5 19. Qxd7 Rxd7 20. Rfd1 g6 21. h4
Be7 22. Rd2 f5 23. Nc1 f4 24. Ra2 g5 25. hxg5 Bxg5 26. gxf4 Bxf4 27. N3e2 Rg7+
28. Kf1 Be3 29. Nc3 Rf6 30. Re2 Bxc1 31. Rxc1 Nxd3 32. Rd1 Nc5 33. Rb2 Rb7
1/2-1/2

[Event "Sparkassen-Open B"]
[Site "Heusenstamm, Martinsee"]
[Date "2016.11.27"]
[Round "6.16"]
[White "Goodwin, David"]
[Black "Bahr, Arne"]
[Result "0-1"]
[WhiteElo "1529"]
[BlackElo "1702"]
[PlyCount "76"]
[EventDate "2016.??.??"]
[WhiteTeam "SV Kelsterbach"]
[BlackTeam "SG Turm Kiel"]

1. Nf3 g6 2. g3 Bg7 3. Bg2 d6 4. d3 e5 5. O-O Nc6 6. c3 Nge7 7. Nbd2 O-O 8. Nb3
f5 9. Bg5 h6 10. Bd2 Kh7 11. e3 Ng8 12. d4 e4 13. Ne1 Nf6 14. f4 Be6 15. Nc1 a5
16. Nc2 b5 17. b3 Qe7 18. Qe2 Rfb8 19. Qd1 Nd8 20. Rb1 c5 21. h3 Nc6 22. Ne2 a4
23. dxc5 dxc5 24. Nc1 axb3 25. axb3 Nd5 26. Qe1 b4 27. Ne2 Ra2 28. Na1 Rba8 29.
Rc1 bxc3 30. Nxc3 R2a3 31. Nxd5 Bxd5 32. Bc3 Nb4 33. Bxb4 cxb4 34. Nc2 Rxb3 35.
Rb1 Bc3 36. Qd1 Rxb1 37. Qxb1 b3 38. Nd4 Ra1 $138 0-1

[Event "Sparkassen-Open B"]
[Site "Heusenstamm, Martinsee"]
[Date "2016.11.27"]
[Round "6.17"]
[White "Schneider, Kevin"]
[Black "Kirchner, Stefan"]
[Result "0-1"]
[WhiteElo "1671"]
[BlackElo "1509"]
[PlyCount "156"]
[EventDate "2016.??.??"]
[WhiteTeam "SC Breuberg"]
[BlackTeam "SF Schöneck"]

1. e4 d6 2. d4 Nf6 3. Nc3 Nbd7 4. f3 e5 5. d5 a5 6. Bb5 Be7 7. Be3 O-O 8. Qd2
b6 9. Bc6 Rb8 10. Nb5 Nc5 11. Na7 Bd7 12. Ne2 Ne8 13. g4 a4 14. Ng3 g6 15.
O-O-O Kh8 16. Kb1 Nf6 17. Bh6 Rg8 18. h4 b5 19. Bxd7 Qxd7 20. Nc6 Rb6 21. Nxe7
Qxe7 22. h5 Ne8 23. Rh2 g5 24. Nf5 Qd8 25. a3 Na6 26. Qc3 f6 27. Kc1 Nc5 28.
Kd2 c6 29. Qa5 Nb7 30. Qa7 Qc7 31. Ke1 c5 32. Ne7 Nd8 33. Qxc7 Nxc7 34. Nxg8
Kxg8 35. Bxg5 fxg5 36. Rb1 Na6 37. b3 axb3 38. Rxb3 c4 39. Rb1 Nc5 40. Kd2 Na4
41. Rhh1 c3+ 42. Ke2 Nb2 43. Rxb2 cxb2 44. Rb1 Nb7 45. Rxb2 Nc5 46. Kd2 Kf7 47.
Rb1 Ke7 48. c4 Kd7 49. cxb5 Rb8 50. Kc3 Kc7 51. Kb4 Ra8 52. Ra1 Ra4+ 53. Kc3
Kb6 54. Kc2 Rc4+ 55. Kd1 Na4 56. Kd2 Rc3 57. Ke2 Rc2+ 58. Ke3 Rc3+ 59. Kf2 Rb3
60. Rc1 Nc5 61. Rh1 h6 62. Ra1 Kxb5 63. Ke2 Ka4 64. Kf2 Nd3+ 65. Kg2 Rb2+ 66.
Kg3 Nc5 67. Kh3 Nb3 68. Rd1 Ra2 69. Rd3 Rc2 70. f4 exf4 71. e5 dxe5 72. d6 Rc8
73. d7 Rd8 74. Rd6 f3 75. Kg3 e4 76. Re6 Nc5 77. Re5 Kb5 78. a4+ Kc6 0-1

[Event "Sparkassen-Open B"]
[Site "Heusenstamm, Martinsee"]
[Date "2016.11.27"]
[Round "6.18"]
[White "Lehmann, Nils"]
[Black "Werner, Tom"]
[Result "0-1"]
[WhiteElo "1505"]
[BlackElo "1667"]
[PlyCount "50"]
[EventDate "2016.??.??"]
[WhiteTeam "SV Lahn Limburg"]
[BlackTeam "VSG Offenbach"]

1. e4 e6 2. d4 d5 3. e5 c5 4. c3 Qb6 5. Nf3 Nc6 6. a3 Bd7 7. Be2 cxd4 8. cxd4
Nge7 9. Be3 Qxb2 10. Nbd2 Qc3 11. O-O Nf5 12. Nb1 Qxa1 13. Qb3 Na5 14. Qc2 Rc8
15. Qd2 Nb3 16. Qd3 Nxe3 17. Qxe3 Qb2 18. Qf4 Qxe2 19. Re1 Qb2 20. Ng5 Rc1 21.
Qxf7+ Kd8 22. Nf3 Qxb1 23. Kf1 Bb5+ 24. Kg1 Rxe1+ 25. Nxe1 Qxe1# 0-1

[Event "Sparkassen-Open B"]
[Site "Heusenstamm, Martinsee"]
[Date "2016.11.27"]
[Round "6.19"]
[White "Kail, Thomas"]
[Black "Prümm, Stephan"]
[Result "1/2-1/2"]
[WhiteElo "1658"]
[BlackElo "1482"]
[PlyCount "39"]
[EventDate "2016.??.??"]
[WhiteTeam "SK Klingenberg"]
[BlackTeam "SC Heusenstamm"]

1. e4 g6 2. d4 Bg7 3. f4 d6 4. Nf3 Bg4 5. Be2 Nd7 6. h3 Bxf3 7. Bxf3 e5 8. c3
Qh4+ 9. Kf1 Ne7 10. Qe1 Qf6 11. fxe5 dxe5 12. d5 Nc5 13. Qe2 O-O 14. Kg1 Qd6
15. b4 Nd7 16. Ba3 f5 17. Nd2 fxe4 18. Nxe4 Qb6+ 19. Kh2 Nxd5 20. Rad1 1/2-1/2

[Event "Sparkassen-Open B"]
[Site "Heusenstamm, Martinsee"]
[Date "2016.11.27"]
[Round "6.20"]
[White "Schäfer, Gerhard"]
[Black "Fritsch, Reinhold"]
[Result "0-1"]
[WhiteElo "1648"]
[BlackElo "1441"]
[PlyCount "86"]
[EventDate "2016.??.??"]
[WhiteTeam "SK Hofgeismar"]
[BlackTeam "SC Somborn"]

1. d4 Nf6 2. c4 d6 3. Nc3 Nbd7 4. Nf3 g6 5. e3 Bg7 6. Be2 O-O 7. O-O b6 8. Qc2
Bb7 9. b4 e5 10. d5 a5 11. Ba3 Qe7 12. Nd2 Rfe8 13. bxa5 Rxa5 14. Bb4 Raa8 15.
a4 Nc5 16. f3 Nfd7 17. Nb5 Rec8 18. Ne4 f5 19. Nxc5 Nxc5 20. Ra3 Ba6 21. Rd1
Bxb5 22. axb5 Nd7 23. Rda1 Qe8 24. R1a2 Rxa3 25. Rxa3 Ra8 26. Qa2 Rxa3 27. Qxa3
e4 28. Bc3 exf3 29. Bxg7 fxe2 30. Qc3 e1=Q+ 31. Qxe1 Kxg7 32. Kf2 Qe4 33. Qc3+
Qe5 34. Qa3 Nc5 35. Qa7 Qe7 36. Qa1+ Kh6 37. Qd4 Qe5 38. Qh4+ Kg7 39. Qd8 Qxh2
40. Qxc7+ Kh6 41. Qxb6 Ne4+ 42. Ke1 Qg1+ 43. Ke2 Qf2+ 0-1

[Event "Sparkassen-Open B"]
[Site "Heusenstamm, Martinsee"]
[Date "2016.11.27"]
[Round "6.21"]
[White "Strate, Wolfgang"]
[Black "Werner, Rosalie"]
[Result "1-0"]
[WhiteElo "1637"]
[BlackElo "1380"]
[PlyCount "120"]
[EventDate "2016.??.??"]
[WhiteTeam "SC Eschbach"]
[BlackTeam "VSG Offenbach"]

1. d4 d5 2. e4 e6 3. Nd2 Nf6 4. exd5 exd5 5. Bd3 Bd6 6. Ngf3 O-O 7. O-O Bg4 8.
c3 c5 9. dxc5 Bxc5 10. Qc2 Nc6 11. h3 Bh5 12. Nb3 Bb6 13. Bf4 Bxf3 14. gxf3 Qd7
15. Bf5 Qd8 16. Rad1 Bc7 17. Bg3 Re8 18. Rfe1 Bxg3 19. fxg3 Qd6 20. Qf2 Rad8
21. Kg2 a6 22. Qc5 Qxc5 23. Nxc5 Rb8 24. Kf2 Rxe1 25. Rxe1 a5 26. Nd7 Nxd7 27.
Bxd7 h6 28. Re8+ Rxe8 29. Bxe8 Kf8 30. Bd7 Ke7 31. Bc8 b6 32. Ke3 Kd6 33. f4 f6
34. Bf5 b5 35. Bd3 Kc5 36. Kf3 b4 37. cxb4+ axb4 38. Kg4 Kd4 39. Bb5 Ne7 40.
Kf3 Kc5 41. Bd7 Kd4 42. g4 Kd3 43. a4 bxa3 44. bxa3 d4 45. Bb5+ Kc3 46. Ke4 g6
47. f5 g5 48. a4 Nc8 49. Kd5 d3 50. Ke6 d2 51. Be2 Kc2 52. Kxf6 d1=Q 53. Bxd1+
Kxd1 54. Kg7 Ke2 55. Kxh6 Kf3 56. Kxg5 Ke4 57. a5 Ke5 58. a6 Kd6 59. f6 Ke6 60.
Kg6 Nd6 1-0

[Event "Sparkassen-Open B"]
[Site "Heusenstamm, Martinsee"]
[Date "2016.11.27"]
[Round "6.22"]
[White "Gruber, Marcel"]
[Black "Bayer, Melissa"]
[Result "1-0"]
[WhiteElo "1431"]
[BlackElo "1552"]
[PlyCount "77"]
[EventDate "2016.??.??"]
[WhiteTeam "Vorw.Orient Mainz"]
[BlackTeam "SK Gründau"]

1. f4 d5 2. Nf3 Nc6 3. e3 e6 4. Bb5 Nge7 5. b3 b6 6. Bb2 Bb7 7. O-O a6 8. Bxc6+
Nxc6 9. d3 Na7 10. Ne5 c5 11. Nf3 Nc6 12. Nbd2 Rg8 13. d4 Rc8 14. c4 cxd4 15.
Nxd4 Bc5 16. Qe2 dxc4 17. Nxc4 Nxd4 18. exd4 Bxd4+ 19. Kh1 Bxb2 20. Qxb2 b5 21.
Rad1 Bd5 22. Ne3 Rc5 23. b4 Rc6 24. Qe2 Rd6 25. Nxd5 Rxd5 26. Rxd5 Qxd5 27. Rd1
Qc6 28. f5 Ke7 29. fxe6 Qxe6 30. Qd2 Qc6 31. Re1+ Kf6 32. Qf4+ Kg6 33. h4 Qf6
34. h5+ Kxh5 35. Re5+ Qxe5 36. Qxe5+ Kg6 37. g4 h5 38. Qf5+ Kh6 39. g5# 1-0

[Event "Sparkassen-Open B"]
[Site "Heusenstamm, Martinsee"]
[Date "2016.11.27"]
[Round "6.23"]
[White "Hofmann, Werner"]
[Black "Gade, Bernt"]
[Result "0-1"]
[WhiteElo "1626"]
[BlackElo "1259"]
[PlyCount "78"]
[EventDate "2016.??.??"]
[WhiteTeam "SV Kelsterbach"]
[BlackTeam "FV Berkersheim"]

1. c4 c5 2. Nc3 Nf6 3. Nf3 Nc6 4. d4 cxd4 5. Nxd4 d6 6. h3 g6 7. Bg5 Bg7 8. e3
O-O 9. Be2 Qa5 10. Bxf6 Bxf6 11. O-O a6 12. Nd5 Bxd4 13. exd4 Qd8 14. Ne3 e5
15. dxe5 dxe5 16. b3 Be6 17. Bf3 f5 18. Bxc6 bxc6 19. Qxd8 Rfxd8 20. Rfd1 Kf8
21. Kf1 Ke7 22. Ke2 e4 23. Rxd8 Rxd8 24. Rd1 Rxd1 25. Kxd1 Kd6 26. Kd2 f4 27.
Nf1 Ke5 28. h4 h6 29. g3 g5 30. hxg5 hxg5 31. Kc3 Bg4 32. a3 Be2 33. Nd2 e3 34.
gxf4+ gxf4 35. fxe3 fxe3 36. Nb1 Ke4 37. a4 Bd1 38. a5 Kf3 39. Kd3 e2 0-1

[Event "Sparkassen-Open B"]
[Site "Heusenstamm, Martinsee"]
[Date "2016.11.27"]
[Round "6.24"]
[White "Martin, Lukas"]
[Black "Basovskiy, Jana"]
[Result "0-1"]
[WhiteElo "1421"]
[BlackElo "1571"]
[PlyCount "78"]
[EventDate "2016.??.??"]
[WhiteTeam "SC Bad Soden"]
[BlackTeam "SK Mannheim"]

1. d4 d5 2. c4 e6 3. Nc3 Nf6 4. Nf3 Be7 5. Bf4 c6 6. e3 O-O 7. Be2 b6 8. O-O
Bb7 9. Qc2 Nbd7 10. b3 c5 11. cxd5 Nxd5 12. Nxd5 exd5 13. Qb2 Rc8 14. Rac1 Re8
15. Bb5 a6 16. Bd3 b5 17. a4 c4 18. bxc4 dxc4 19. Be2 Bc6 20. axb5 axb5 21.
Rfd1 Bf6 22. Qb1 Qa5 23. Rc2 Be4 24. Ra2 Bxb1 25. Rxa5 Bc2 26. Rc1 Ba4 27. Bd1
Ra8 28. Rxa8 Rxa8 29. Kf1 Be7 30. Ne5 Nxe5 31. Bxe5 Bxd1 32. Rxd1 f6 33. Bg3 b4
34. Ke2 b3 35. Rb1 Ra2+ 36. Kd1 Ba3 37. d5 c3 38. Rxb3 c2+ 39. Kd2 c1=Q+ 0-1

[Event "Sparkassen-Open B"]
[Site "Heusenstamm, Martinsee"]
[Date "2016.11.27"]
[Round "6.25"]
[White "Westhof, Benedikt"]
[Black "Wöhl, Torsten"]
[Result "1-0"]
[WhiteElo "1364"]
[BlackElo "1586"]
[PlyCount "71"]
[EventDate "2016.??.??"]
[WhiteTeam "SC Heusenstamm"]
[BlackTeam "SC Groß-Zimmern"]

1. d4 e6 2. c4 d5 3. Nc3 Bb4 4. Bd2 c5 5. dxc5 Bxc5 6. Na4 Na6 7. cxd5 Qxd5 8.
Bc3 Qxd1+ 9. Rxd1 Bb4 10. e3 Bd7 11. Bxa6 Bxa4 12. Bxb7 Bxc3+ 13. bxc3 Rb8 14.
Rb1 Rd8 15. Ne2 Ne7 16. O-O O-O 17. Rb4 Bc2 18. Nd4 Bg6 19. Rc1 Nd5 20. Ra4 Nf6
21. Nc6 Rd2 22. Ne7+ Kh8 23. Nxg6+ fxg6 24. Rxa7 Ng4 25. Ra8 Rdxf2 26. Rxf8+
Rxf8 27. Re1 h5 28. h3 Ne5 29. Rd1 Nc4 30. e4 Ne3 31. Rc1 Rf7 32. Bc8 e5 33.
Be6 Rc7 34. Bd5 Rc5 35. c4 Kh7 36. Kf2 1-0

[Event "Sparkassen-Open B"]
[Site "Heusenstamm, Martinsee"]
[Date "2016.11.27"]
[Round "6.26"]
[White "Urbach, Jens"]
[Black "Hänselmann, Hendrik"]
[Result "1-0"]
[WhiteElo "1599"]
[BlackElo "1337"]
[PlyCount "143"]
[EventDate "2016.??.??"]
[WhiteTeam "SF Frankfurt"]
[BlackTeam "Karlsruher SF"]

1. e4 c5 2. c3 a6 3. d4 e6 4. Nf3 d6 5. dxc5 dxc5 6. Qxd8+ Kxd8 7. Ne5 Ke8 8.
Bc4 Bd6 9. Nf3 b5 10. Be2 Bb7 11. e5 Bc7 12. O-O Nd7 13. Be3 Rc8 14. a4 Nxe5
15. Nxe5 Bxe5 16. axb5 axb5 17. Bxb5+ Bc6 18. Bxc6+ Rxc6 19. Ra8+ Ke7 20. f4
Bd6 21. Nd2 f5 22. Nc4 g6 23. Nxd6 Kxd6 24. Rd1+ Ke7 25. Rdd8 Kf7 26. c4 h5 27.
Bd2 e5 28. fxe5 Re6 29. Ra7+ Re7 30. e6+ Kxe6 31. Ra6+ Kf7 32. Bc3 Rh7 33. Raa8
Nh6 34. Rf8+ Ke6 35. Rf6+ Kd7 36. Ra7+ Ke8 37. Ra8+ Kd7 38. Rb6 Ng4 39. Ra7+
Ke8 40. Rb8+ Kf7 41. Rxe7+ Kxe7 42. Rb7+ Kd6 43. Rxh7 Ne3 44. b3 Nc2 45. Bd2
Nd4 46. Bf4+ Ke6 47. Kf2 Nxb3 48. Rh6 Kf6 49. Rh8 Na5 50. Rc8 Nxc4 51. Rxc5 Nb2
52. Be5+ Ke6 53. Bxb2 g5 54. h3 h4 55. Kf3 Kd6 56. Ra5 Ke6 57. Bc1 Kf6 58. Kf2
f4 59. Kf3 Kg6 60. Bxf4 gxf4 61. Kxf4 Kf6 62. Ra6+ Ke7 63. Ke5 Kd7 64. Rh6 Kc7
65. Kd5 Kb7 66. Kc5 Ka7 67. Kb5 Kb7 68. Rh7+ Kc8 69. Kc6 Kb8 70. Rg7 Ka8 71.
Kb6 Kb8 72. Rg8# 1-0

[Event "Sparkassen-Open B"]
[Site "Heusenstamm, Martinsee"]
[Date "2016.11.27"]
[Round "6.27"]
[White "Ketting, Douwe"]
[Black "Pomrehn, Ole Magnus"]
[Result "1/2-1/2"]
[WhiteElo "1584"]
[BlackElo "1137"]
[PlyCount "79"]
[EventDate "2016.??.??"]
[WhiteTeam "SC Somborn"]
[BlackTeam "SF Schöneck"]

1. b4 c6 2. Bb2 Qb6 3. a3 d5 4. e3 Nd7 5. c4 e6 6. Nf3 Ngf6 7. c5 Qc7 8. d4 Be7
9. Nbd2 a6 10. Rc1 h6 11. Qc2 Nf8 12. Bd3 N8d7 13. O-O O-O 14. Rfe1 Rd8 15. e4
Nf8 16. e5 N6h7 17. Re2 Ng5 18. Rce1 Bd7 19. Bc1 Be8 20. Nxg5 Bxg5 21. Nf3 Be7
22. h3 Bd7 23. Re3 Rac8 24. Nh2 Bh4 25. Rf3 Re8 26. Rf4 Qd8 27. g3 Be7 28. Rf3
Ra8 29. Rfe3 Rc8 30. f4 Rb8 31. Rf3 Qc7 32. Ref1 f6 33. f5 exf5 34. Bxf5 Bxf5
35. Rxf5 fxe5 36. Ng4 Bg5 37. Bxg5 hxg5 38. Nxe5 Nh7 39. h4 Qd8 40. hxg5
1/2-1/2

[Event "Sparkassen-Open B"]
[Site "Heusenstamm, Martinsee"]
[Date "2016.11.27"]
[Round "6.29"]
[White "Ebeling, Gereon"]
[Black "Mayer, Rolf"]
[Result "0-1"]
[WhiteElo "1356"]
[BlackElo "1504"]
[PlyCount "46"]
[EventDate "2016.??.??"]
[WhiteTeam "SK Mainaschaff"]
[BlackTeam "SC Flörsheim"]

1. e4 d6 2. d4 Nf6 3. Nc3 g6 4. f3 Bg7 5. Bg5 O-O 6. Bd3 c5 7. d5 a6 8. a3 Re8
9. Qd2 Nbd7 10. Bh6 Ne5 11. Bxg7 Kxg7 12. Qe2 b5 13. Qd2 e6 14. dxe6 Bxe6 15.
Nd1 d5 16. Nf2 dxe4 17. Bxe4 Qxd2+ 18. Kxd2 Rad8+ 19. Ke1 Nc4 20. b3 Ne3 21.
Ke2 Nxg2 22. a4 b4 23. Bb7 Bc8+ 0-1

[Event "Sparkassen-Open B"]
[Site "Heusenstamm, Martinsee"]
[Date "2016.11.27"]
[Round "6.30"]
[White "Solovej, Philip"]
[Black "Jung, Kenny"]
[Result "1/2-1/2"]
[WhiteElo "1132"]
[BlackElo "1501"]
[PlyCount "71"]
[EventDate "2016.??.??"]
[WhiteTeam "SK Gründau"]
[BlackTeam "SF Schöneck"]

1. e4 e5 2. Nf3 Nc6 3. Bc4 Bc5 4. Nc3 Nf6 5. d3 d6 6. Be3 Bb6 7. h3 Be6 8. Bb3
O-O 9. O-O h6 10. d4 Bxb3 11. axb3 Re8 12. d5 Ne7 13. Nh2 Bxe3 14. fxe3 Qd7 15.
Qf3 Ng6 16. Qf5 Qe7 17. Ng4 Nh7 18. Rf2 Rf8 19. Raf1 a6 20. Ne2 Nh4 21. Qh5 Qg5
22. Qxg5 Nxg5 23. Ng3 Ng6 24. c4 a5 25. Nh2 h5 26. Nf3 Nxf3+ 27. Rxf3 h4 28.
Nf5 a4 29. bxa4 Rxa4 30. Rc1 Rb4 31. Rc2 f6 32. Rf1 Kf7 33. Kh2 Rh8 34. Rff2
Nf8 35. c5 g6 36. cxd6 1/2-1/2

[Event "Sparkassen-Open B"]
[Site "Heusenstamm, Martinsee"]
[Date "2016.11.27"]
[Round "6.32"]
[White "Mainka, Susanne"]
[Black "Popp, Johann"]
[Result "1/2-1/2"]
[WhiteElo "1147"]
[BlackElo "1442"]
[PlyCount "171"]
[EventDate "2016.??.??"]
[WhiteTeam "SG Wächtersbach"]
[BlackTeam "SG Rödermark"]

1. d4 Nf6 2. c4 e6 3. a3 d5 4. e3 c5 5. Nf3 Nc6 6. Be2 Bd6 7. O-O Qc7 8. h3 b6
9. Nc3 dxc4 10. Nb5 Qd7 11. Nxd6+ Qxd6 12. Bxc4 O-O 13. Qd2 Bb7 14. Rd1 Na5 15.
b3 Nxc4 16. bxc4 Bxf3 17. gxf3 cxd4 18. Bb2 Qc6 19. e4 Qxc4 20. Qxd4 Qb5 21. e5
Nd5 22. Rd2 Rfc8 23. Rc1 Rxc1+ 24. Bxc1 Qb1 25. Rd1 Qf5 26. Kg2 Rc8 27. Qg4
Qxe5 28. f4 Qe4+ 29. Kh2 f5 30. Qh4 g6 31. Bd2 Qe2 32. Rc1 Rxc1 33. Bxc1 Qc2
34. Qd8+ Kf7 35. Qd7+ Ne7 36. Be3 Qc8 37. Qxa7 b5 38. Bc5 Qd8 39. Kg3 Qd3+ 40.
Kh4 Qd8 41. Kg5 h5 42. Bb6 Qh8 43. Bd4 Qe8 44. Bc5 Qd8 45. Bb6 Qh8 46. Kh4 Qe8
47. Qc7 Qc6 48. Qa7 Qe8 49. Bc5 Qd8 50. Bd4 Qd5 51. Bc5 Qd8 52. Bd4 Qe8 53. Be5
Qd8 54. Kg5 Qe8 55. Bb2 Qd8 56. Bc3 Qe8 57. Qd4 Qf8 58. Qf6+ Ke8 59. Qxe6 Qg8
60. Qe5 Qc4 61. Qh8+ Kd7 62. Bb4 Nd5 63. Qg7+ Kd8 64. Qf8+ Kd7 65. Qd6+ Ke8 66.
Qb8+ Kd7 67. Qb7+ Ke8 68. Qb8+ Kd7 69. Qd6+ Ke8 70. Qb8+ Kd7 71. Bd6 Qc6 72.
Qa7+ Ke6 73. Be5 Ne7 74. Qe3 Kd7 75. Qd4+ Ke8 76. Bf6 Kf7 77. Bh8 Ke8 78. Bf6
Kf7 79. Bxe7 Kxe7 80. Qe5+ Kf7 81. Kh6 Qf6 82. Qd5+ Ke7 83. Qb7+ Kf8 84. Qb8+
Kf7 85. Qxb5 Qg7+ 86. Kg5 1/2-1/2

[Event "Sparkassen-Open B"]
[Site "Heusenstamm, Martinsee"]
[Date "2016.11.27"]
[Round "6.34"]
[White "Bjoerknes, Uwe"]
[Black "Brunner, Andreas"]
[Result "1/2-1/2"]
[WhiteElo "1748"]
[BlackElo "1413"]
[PlyCount "21"]
[EventDate "2016.??.??"]
[WhiteTeam "SC Bergen-Enkheim"]
[BlackTeam "FV Berkersheim"]

1. e4 e6 2. d4 d5 3. e5 c5 4. c3 Nc6 5. Nf3 cxd4 6. cxd4 Bb4+ 7. Nc3 Qb6 8. Be2
Nge7 9. a3 Bxc3+ 10. bxc3 O-O 11. O-O 1/2-1/2

[Event "Sparkassen-Open B"]
[Site "Heusenstamm, Martinsee"]
[Date "2016.11.27"]
[Round "6.35"]
[White "Stork, Christopher"]
[Black "Grudniewski, Andreas"]
[Result "1/2-1/2"]
[WhiteElo "1561"]
[BlackElo "1210"]
[PlyCount "61"]
[EventDate "2016.??.??"]
[WhiteTeam "SV Oberursel"]
[BlackTeam "SC Somborn"]

1. e4 c5 2. Nf3 d6 3. d4 cxd4 4. Nxd4 Nf6 5. Nc3 a6 6. Be3 e5 7. Nb3 Be6 8. Bd3
Be7 9. O-O O-O 10. Re1 d5 11. exd5 Nxd5 12. Be4 Nxc3 13. bxc3 Qc7 14. Qf3 Nc6
15. Bxc6 Qxc6 16. Qxc6 bxc6 17. Bc5 Bxb3 18. Bxe7 Rfe8 19. cxb3 Rxe7 20. f4 e4
21. Rad1 f5 22. Rd6 Rc8 23. Kf2 Kf7 24. Ke3 Ree8 25. Red1 Ke7 26. Rd7+ Kf6 27.
g3 Re7 28. Rxe7 Kxe7 29. g4 g6 30. h3 Rd8 31. Rd4 1/2-1/2

[Event "Sparkassen-Open B"]
[Site "Heusenstamm, Martinsee"]
[Date "2016.11.27"]
[Round "6.36"]
[White "Troeger, Beate"]
[Black "Gräf, Jakob"]
[Result "0-1"]
[WhiteElo "1499"]
[BlackElo "1108"]
[PlyCount "92"]
[EventDate "2016.??.??"]
[WhiteTeam "Vorw.Orient Mainz"]
[BlackTeam "SV Frankfurt Nord"]

1. f4 d5 2. Nf3 Nf6 3. b3 Bf5 4. Bb2 e6 5. e3 Be7 6. Nc3 O-O 7. Ne5 Nbd7 8. Ne2
Nxe5 9. Bxe5 Ne4 10. d3 Nf6 11. Ng3 Bg4 12. Be2 Bxe2 13. Qxe2 Nd7 14. Bb2 Bb4+
15. c3 Bd6 16. O-O Qh4 17. Rf3 c6 18. Raf1 f5 19. c4 Nf6 20. a3 Ng4 21. h3 Nf6
22. b4 Rad8 23. c5 Bc7 24. Bc3 g5 25. Nh1 g4 26. Be1 gxf3 27. Bxh4 fxe2 28. Rf3
Kg7 29. Kf2 Rg8 30. Ng3 d4 31. exd4 Rxd4 32. Nxe2 Rd7 33. Nc1 b6 34. Nb3 Nd5
35. Bg3 Kf6 36. Nd4 Nxb4 37. Bh4+ Kf7 38. cxb6 Bxb6 39. axb4 Bxd4+ 40. Kf1 Bc3
41. d4 Bxb4 42. Bf2 Ra8 43. Rb3 Rb7 44. Be3 Rab8 45. Bf2 Bd6 46. Rf3 a5 0-1

[Event "Sparkassen-Open B"]
[Site "Heusenstamm, Martinsee"]
[Date "2016.11.27"]
[Round "6.37"]
[White "Giebitz, Walter"]
[Black "Häfner, Günther"]
[Result "1-0"]
[WhiteElo "1495"]
[BlackElo "892"]
[PlyCount "101"]
[EventDate "2016.??.??"]
[WhiteTeam "SC Steinbach"]
[BlackTeam "FV Berkersheim"]

1. e4 c5 2. Nf3 Nc6 3. Nc3 a6 4. Bc4 b5 5. Bd5 Bb7 6. d4 c4 7. Ne5 e6 8. Bxc6
dxc6 9. O-O Bd6 10. Nf3 Nf6 11. e5 Be7 12. exf6 Bxf6 13. Be3 O-O 14. Ne4 Be7
15. c3 f5 16. Neg5 Qd6 17. Qe2 h6 18. Nh3 Rae8 19. Bf4 Qd5 20. Qe5 g5 21. Qxd5
cxd5 22. Nhxg5 hxg5 23. Bxg5 Bd6 24. Rfe1 Bc8 25. Re2 Kg7 26. Ne5 Bxe5 27. Rxe5
Kg6 28. Bf4 Kf6 29. Rae1 Rg8 30. h3 Rg6 31. h4 Kf7 32. g3 Bb7 33. Kg2 Bc6 34.
Kf3 Rh8 35. Bg5 Bd7 36. Kf4 Rgg8 37. f3 Re8 38. g4 Rhf8 39. gxf5 Kg7 40. f6+
Kg6 41. Kg4 Rxf6 42. Bxf6 Kxf6 43. h5 Rg8+ 44. Kf4 Rh8 45. Kg4 Rg8+ 46. Kh4 Rg2
47. R5e2 Rg7 48. f4 Kf5 49. Rf1 Rg4+ 50. Kh3 Be8 51. Re5+ 1-0

[Event "Sparkassen-Open B"]
[Site "Heusenstamm, Martinsee"]
[Date "2016.11.27"]
[Round "6.38"]
[White "Herdt, Werner"]
[Black "Lambrecht, Harald"]
[Result "1/2-1/2"]
[WhiteElo "1404"]
[BlackElo "1427"]
[PlyCount "62"]
[EventDate "2016.??.??"]
[WhiteTeam "SF Heusenstamm"]
[BlackTeam "SK Celle-Westercelle"]

1. d4 d5 2. c4 e6 3. Nc3 Nf6 4. Nf3 Be7 5. e3 O-O 6. Bd3 b6 7. O-O Ba6 8. Qe2
dxc4 9. Bxc4 Bxc4 10. Qxc4 Nd5 11. a3 Nxc3 12. Qxc3 c6 13. b3 Qd5 14. Bb2 Bf6
15. Qc2 Rd8 16. Rab1 a5 17. e4 Qh5 18. e5 Be7 19. Rfd1 g5 20. h3 g4 21. hxg4
Qxg4 22. Nh2 Qg6 23. Qxg6+ fxg6 24. Rd3 Rf8 25. Rf3 Nd7 26. Rd1 Rxf3 27. Nxf3
Rf8 28. Rd3 g5 29. g4 Kg7 30. Bc1 h6 31. a4 Kg6 1/2-1/2

[Event "Sparkassen-Open B"]
[Site "Heusenstamm, Martinsee"]
[Date "2016.11.27"]
[Round "6.39"]
[White "Lachmann, Irma"]
[Black "Held, Gerd"]
[Result "0-1"]
[WhiteElo "734"]
[BlackElo "1464"]
[PlyCount "86"]
[EventDate "2016.??.??"]
[WhiteTeam "FV Berkersheim"]
[BlackTeam "SC Groß-Zimmern"]

1. b3 c5 2. Bb2 Nc6 3. e3 Nf6 4. c4 e6 5. Bd3 Be7 6. Nf3 O-O 7. O-O d5 8. Qe2
Nb4 9. a3 Nxd3 10. Qxd3 h6 11. Nc3 a6 12. Ne2 b6 13. Rab1 Bb7 14. a4 a5 15. Ng3
Nd7 16. Bc3 Bf6 17. e4 Bxc3 18. dxc3 Nf6 19. Qe2 Nxe4 20. Rbc1 Ng5 21. Rfd1
Nxf3+ 22. Qxf3 Qg5 23. Ne2 Rab8 24. cxd5 Bxd5 25. Qg3 Qxg3 26. hxg3 Bxb3 27.
Rd3 Bxa4 28. g4 Rfd8 29. Nf4 Rxd3 30. Nxd3 f6 31. Nf4 Kf7 32. Re1 Bb3 33. Nd3
Rd8 34. Nf4 Rd1 35. Rf1 Rxf1+ 36. Kxf1 e5 37. Ne2 Bc4 38. f3 Ke6 39. Kf2 Bxe2
40. Kxe2 Kd5 41. Kd3 b5 42. Kc2 a4 43. Kb2 Kc4 0-1